[Event "Michigan Open Booster"]
[Site "Lansing, MI"]
[Date "2002.09.01"]
[Round "4.8"]
[White "Mitchell, Dave"]
[Black "Thach, Scott"]
[Result "0-1"]
[WhiteElo "1314"]
[BlackElo "1141"]
[PlyCount "52"]
[EventDate "2002.08.30"]

1. e4 e6 2. d4 b6 3. Nc3 Bb7 4. Nf3 Bb4 5. Bd3 Bxc3+ 6. bxc3 Ne7 7. O-O O-O 8.
Bg5 f6 9. Bh4 Rf7 10. e5 fxe5 11. Bxh7+ Kxh7 12. Ng5+ Kg8 13. Nxf7 Kxf7 14.
Qh5+ Kg8 15. Qxe5 Nbc6 16. Qg3 Nf5 17. Bxd8 Nxg3 18. fxg3 Rxd8 19. Rf2 Ba6 20.
Re1 Ne7 21. Re5 Nd5 22. Rg5 Rf8 23. h4 Rxf2 24. Kxf2 Kf7 25. g4 Nxc3 26. a3
Ne4+ 0-1

[Event "Michigan Open Reserve"]
[Site "Lansing, MI"]
[Date "2002.09.01"]
[Round "5.23"]
[White "McCarter, Robert"]
[Black "Saylor, Oliver"]
[Result "1-0"]
[WhiteElo "1667"]
[BlackElo "1414"]
[PlyCount "107"]
[EventDate "2002.08.30"]

1. d4 d5 2. Nf3 Nf6 3. Bf4 Nc6 4. e3 Bg4 5. Be2 e6 6. Nbd2 Bd6 7. Bxd6 Qxd6 8.
O-O O-O 9. h3 Bh5 10. c4 b6 11. cxd5 Nxd5 12. Rc1 a6 13. a3 b5 14. Qc2 Nde7 15.
Bd3 f5 16. Qc5 Rac8 17. Bb1 Bxf3 18. Nxf3 Na5 19. Ba2 Nd5 20. Ng5 Qxc5 21. Rxc5
c6 22. Rfc1 Rf6 23. b4 Nc4 24. Bxc4 bxc4 25. R1xc4 Ne7 26. Nf3 f4 27. e4 Rg6
28. Ne5 Rg5 29. Nxc6 Rxc6 30. Rxc6 Nxc6 31. Rxc6 f3 32. Rxe6 Rxg2+ 33. Kf1 Rh2
34. Ke1 Rxh3 35. d5 Kf7 36. Kd2 g5 37. Ke3 g4 38. Rxa6 h5 39. b5 h4 40. b6 g3
41. Kxf3 gxf2+ 42. Kxf2 Rb3 43. Ra7+ Kf6 44. Rh7 h3 45. b7 Ke5 46. Rxh3 Rxb7
47. Re3 Kf4 48. d6 Rb2+ 49. Re2 Rb3 50. e5 Rd3 51. e6 Rf3+ 52. Ke1 Rxa3 53. e7
Kf3 54. e8=Q 1-0

[Event "Michigan Open Reserve"]
[Site "Lansing, MI"]
[Date "2002.09.01"]
[Round "4.14"]
[White "McCarter, Robert"]
[Black "Holden, Anthony"]
[Result "0-1"]
[WhiteElo "1667"]
[BlackElo "1551"]
[PlyCount "130"]
[EventDate "2002.08.30"]

1. d4 d5 2. Nf3 Bg4 3. Ne5 Be6 4. Bf4 g5 5. Bg3 f6 6. Nd3 h5 7. Nc5 Bc8 8. Qd3
Nh6 9. f3 b6 10. Nb3 Ba6 11. Qg6+ Nf7 12. c3 h4 13. Bf2 Qd6 14. N1d2 Nd7 15.
Qc2 Bg7 16. O-O-O Bc4 17. Nxc4 dxc4 18. Nd2 b5 19. e4 a5 20. e5 fxe5 21. dxe5
Qe6 22. Be2 Bxe5 23. Rhe1 Qc6 24. g3 O-O-O 25. Ne4 Rdf8 26. Be3 hxg3 27. hxg3
Rh2 28. f4 gxf4 29. gxf4 Bg7 30. Qd2 Rd8 31. Qd5 Qxd5 32. Rxd5 c6 33. Rd2 Bh6
34. Red1 e5 35. Ng5 Bxg5 36. fxg5 Rh3 37. Bb6 Nxb6 38. Bg4+ Kc7 39. Bxh3 Rxd2
40. Rxd2 Nxg5 41. Bg2 Nd5 42. Bxd5 cxd5 43. Rxd5 Kc6 44. Rxe5 Nf7 45. Rf5 Nd6
46. Rf4 b4 47. Kc2 Kc5 48. Rg4 bxc3 49. bxc3 a4 50. Kb2 Nb5 51. Rg5+ Kc6 52.
Rg6+ Kc5 53. Ra6 a3+ 54. Rxa3 Nxa3 55. Kxa3 Kb5 56. Kb2 Ka4 57. a3 Ka5 58. Kc2
Ka4 59. Kd2 Kxa3 60. Ke3 Kb2 61. Kd2 Kb3 62. Kd1 Kxc3 63. Kc1 Kb3 64. Kb1 c3
65. Ka1 Kc2 0-1

[Event "Michigan Open Reserve"]
[Site "Lansing, MI"]
[Date "2002.09.01"]
[Round "4.9"]
[White "McAuliffe, Todd"]
[Black "Harris, Harold"]
[Result "1-0"]
[WhiteElo "1644"]
[BlackElo "1434"]
[PlyCount "73"]
[EventDate "2002.08.30"]

1. e4 c5 2. Nc3 d6 3. f4 Nc6 4. Nf3 e6 5. Bb5 Bd7 6. O-O Nf6 7. d3 Be7 8. Bxc6
Bxc6 9. e5 Nd5 10. Ne4 O-O 11. Ng3 Qb6 12. c4 Nc7 13. b3 d5 14. Qe1 Rfd8 15. f5
dxc4 16. dxc4 Bxf3 17. Rxf3 Bh4 18. Bb2 exf5 19. Rxf5 Qe6 20. Rf3 Qg6 21. Qc3
Ne6 22. Nf5 Qg4 23. h3 Qe4 24. Raf1 Rd7 25. Re3 Qc6 26. Nxh4 Rad8 27. Nf5 Kh8
28. Qe1 Rd2 29. Re2 R2d3 30. Ne7 Qd7 31. Nd5 Ng5 32. Re3 Nxh3+ 33. Rxh3 Rxh3
34. gxh3 Qxh3 35. Qf2 Qg4+ 36. Qg2 Qe4 37. Qxe4 1-0

[Event "Michigan Open Booster"]
[Site "Lansing, MI"]
[Date "2002.09.01"]
[Round "4.4"]
[White "Li, Derek"]
[Black "Gregg, Ted"]
[Result "1/2-1/2"]
[WhiteElo "1305"]
[BlackElo "1230"]
[PlyCount "67"]
[EventDate "2002.08.30"]

1. e4 d6 2. d4 Nf6 3. Nc3 g6 4. Nf3 Bg7 5. h3 O-O 6. Be3 c6 7. Qd2 Nbd7 8. Bh6
Qc7 9. Be2 e5 10. d5 cxd5 11. Bxg7 Kxg7 12. exd5 b6 13. h4 h6 14. O-O-O Nc5 15.
Rdg1 Nce4 16. Nxe4 Nxe4 17. Qe3 f5 18. g4 Qc5 19. Qxc5 bxc5 20. gxf5 Bxf5 21.
Rh2 a5 22. h5 g5 23. Bd3 Bh7 24. Re1 Nf6 25. Bxh7 Kxh7 26. Nd2 Nxd5 27. Nc4 Rf6
28. Rd1 Nb4 29. c3 Nxa2+ 30. Kb1 Nxc3+ 31. bxc3 Ra6 32. Kb2 a4 33. Ka3 e4 34.
Nb2 1/2-1/2

[Event "Michigan Open"]
[Site "Lansing, MI"]
[Date "2002.09.01"]
[Round "4.1"]
[White "Levi, Ariel"]
[Black "Hahn, David"]
[Result "0-1"]
[WhiteElo "2164"]
[BlackElo "2145"]
[PlyCount "111"]
[EventDate "2002.08.30"]

{English: Ultra-Symmetrical (Reversed Botvinnik)} 1. c4 e5 2. g3 c5 3. Bg2 Nc6
4. Nc3 g6 5. e3 Bg7 6. Nge2 Nge7 7. O-O O-O 8. a3 a5 9. Rb1 d6 10. h3 f5 11. d3
Be6 12. Nd5 Bf7 13. Nxe7+ Qxe7 14. Nc3 e4 15. Nd5 Bxd5 16. cxd5 Nd8 17. dxe4
fxe4 18. Qc2 Re8 19. a4 Nf7 20. Bd2 Ng5 21. Bc3 Nf3+ 22. Bxf3 exf3 23. Rfe1 Qe4
24. Qxe4 Rxe4 25. Bxg7 Kxg7 26. b3 Rb8 27. g4 b5 28. axb5 Rxb5 29. Ra1 Reb4 30.
Kh2 Rxb3 31. Kg3 c4 32. Kxf3 Rxd5 33. Ke4 Re5+ 34. Kd4 Rc5 35. Rec1 Rd3+ 36.
Ke4 Re5+ 37. Kf4 g5+ 38. Kf3 Rc5 39. Ke4 Re5+ 40. Kf3 Rc5 41. Ke4 Rd2 42. f4
Kf6 43. fxg5+ Kxg5 44. h4+ Kxg4 45. Rg1+ Kh5 46. Kf4 c3 47. e4 c2 48. Ke3 Rh2
49. Rg5+ Rxg5 50. hxg5 a4 51. Kd3 Kxg5 52. Rf1 Rg2 53. Ke3 h5 54. Kf3 Rd2 55.
Rg1+ Kf6 56. Rc1 {Remainder unavailable} 0-1

[Event "Michigan Open Reserve"]
[Site "Lansing, MI"]
[Date "2002.09.01"]
[Round "4.3"]
[White "LeMaster, Terry"]
[Black "Homa, Seth"]
[Result "0-1"]
[WhiteElo "1784"]
[BlackElo "1609"]
[PlyCount "75"]
[EventDate "2002.08.30"]

1. e4 c5 2. Nf3 d6 3. d4 cxd4 4. Nxd4 Nf6 5. Nc3 a6 6. Be2 e5 7. Nb3 Be7 8. Be3
Be6 9. O-O O-O 10. f4 exf4 11. Bxf4 Nc6 12. Bd3 Ne5 13. Nd5 Bxd5 14. exd5 Nfg4
15. Bxe5 Nxe5 16. Qh5 Nxd3 17. cxd3 Bf6 18. Qe2 g6 19. Rac1 Bg7 20. Rc4 Qg5 21.
Qf3 Rae8 22. Re4 Re5 23. Rf4 Qe7 24. Rc1 Bh6 25. Rf1 Bxf4 26. Qxf4 Rf5 27. Qe4
Rxf1+ 28. Kxf1 Qf6+ 29. Ke1 Qxb2 30. Qe2 Qb1+ 31. Kf2 Rc8 32. Nd4 Qb6 33. Qe3
a5 34. Kf3 Qc5 35. Qe4 Kf8 36. Qf4 Qxd5+ 37. Kf2 Qe5 38. Qg4 0-1

[Event "Michigan Open Booster"]
[Site "Lansing, MI"]
[Date "2002.09.01"]
[Round "5.8"]
[White "Lawitzke, John"]
[Black "Brooks, Randall"]
[Result "0-1"]
[WhiteElo "896"]
[BlackElo "1240"]
[Annotator "Tim McGrew"]
[PlyCount "42"]
[EventDate "2002.08.30"]

{King's Indian: Schwarz} 1. d4 Nf6 2. c4 g6 3. Nc3 Bg7 4. e4 d6 5. Bd3 {This
is not actually bad, but it weakens White's control over d5.} O-O 6. Nge2 e5 7.
O-O Bg4 $5 (7... Bg4 {Normally this could be written off as pointless, but
here Black seems to be provoking} 8. f3 {in order to weaken the dark squares
still further.}) 8. f3 exd4 9. Nxd4 Be6 10. Nxe6 fxe6 11. Be3 Nbd7 12. Rc1 c6
$6 {This looks wrong, weakening d6.} 13. Bb1 {Trying to exploit the weak d6
square right away: but it is a long-term target and White doesn't need to hit
it right off.} ({Perhaps} 13. f4 {is better.}) 13... Nb6 14. b3 Qc7 15. c5 $5 {
An interesting move from a positional standpoint. White damages Black's pawns.}
dxc5 16. Bxc5 Rad8 17. Qe1 Rf7 {The position is complex but not radically in
either side's favor. Black will get the d-file if he wants it, and White's
pawns are in better shape. It is hard to believe that the game will be over in
just four moves!} 18. Ne2 Nbd7 19. Bxa7 $2 {Walking into a "mousetrap."} b6 $1
{This wins the bishop for two pawns. Famously, Bobby Fischer fell into
something like this in the first game of his 1972 match against Spassky.} 20.
Bxb6 Nxb6 21. Qc3 $4 {DIAGRAM The second error is fatal. White is so eager to
gain another pawn that he fails to notice the Black bishop looking down the
diagonal through the knight ...} Ng4 $1 {And just like that Black wins the
queen for two minor pieces.} 0-1

[Event "Michigan Open Reserve"]
[Site "Lansing, MI"]
[Date "2002.09.01"]
[Round "5.1"]
[White "Laurin, Edward"]
[Black "West, Tony"]
[Result "1-0"]
[WhiteElo "1757"]
[BlackElo "1748"]
[Annotator "Edward Laurin"]
[PlyCount "81"]
[EventDate "2002.08.30"]

{Sicilian: Pelikan} 1. e4 c5 2. Nf3 Nc6 3. d4 cxd4 4. Nxd4 Nf6 5. Nc3 e5 6.
Ndb5 d6 7. Nd5 Nxd5 8. exd5 Nb8 9. c4 Nd7 {Although this is the right idea in
this variation, I always find it neat to watch Black's knight having moved
three times in the first nine moves and still not doing anything productive.}
10. Be3 a6 11. Nc3 Be7 12. Bd3 O-O 13. Qc2 (13. h4 {also looks interesting.})
13... Nf6 14. O-O h6 15. f4 Ng4 16. Bd2 $6 ({This allows black to go up the
exchange.} 16. Bc1 {prevents that and keeps the pressure on the c1-h6 diagonal.
}) 16... Qb6+ 17. Kh1 Nf2+ 18. Rxf2 (18. Kg1 $2 Nh3+ 19. Kh1 Qg1+ 20. Rxg1 Nf2#
) 18... Qxf2 19. Rf1 Qb6 20. f5 Qd8 (20... -- {This blocks White's idea of} 21.
f6 $1 {and} Bxf6 ({or just} 21... gxf6) 22. Rxf6 gxf6 {and then} 23. Bxh6 {
gaining an attack on the king-side.}) ({The other idea to stop this attack is} 
20... f6 {but then} 21. Qd1 {looks powerful.}) 21. Ne4 Bf6 {Once again White
is attempting to do the above and Black cannot allow it.} 22. Qc1 Kh7 (22... --
{Anything else is going to allow} 23. Bxh6 $1 {and a strong attack against
black's king-side.}) 23. g4 Rh8 24. Nxf6+ gxf6 (24... Qxf6 25. g5 {and Black's
king-side is going to come apart quicker as the queen must retreat to d8.} Qe7
(25... hxg5 26. Bxg5 $1) 26. f6+) 25. Bxh6 e4 26. Bc2 {No need to open up
lines for Black.} Qe7 27. Qe3 Bd7 28. g5 fxg5 29. Bxg5 f6 30. Bf4 $2 ({This is
not as strong as} 30. Bh6 $1 {keeping the pressure on the king as} Kg8 31. Rg1+
Kf7 32. Rg7+ {wins for White and Black will have no other escape from the
forthcoming attack.}) 30... Bxf5 31. Bxd6 Qxd6 32. Rxf5 Kg6 33. Rf2 (33. Rf4 {
keeps Black's king away from White's king-side.}) 33... f5 34. Qd4 (34. Bxe4 $1
{actually works although you'd probably have to be a master or a computer to
find it. If} fxe4 35. Qxe4+ Kg7 36. Qd4+ Kh6 37. Rg2 {and the only way to stop
the checkmates is to give up the queen.}) 34... Rh4 35. Rg2+ Rg4 36. Rxg4+ fxg4
37. Qxe4+ Kh5 38. Qf5+ Kh4 39. Bd1 Rg8 40. Qh7+ Kg5 41. Qxg8+ 1-0

[Event "Michigan Open Reserve"]
[Site "Lansing, MI"]
[Date "2002.09.01"]
[Round "3.41"]
[White "Laurin, Edward"]
[Black "Raban, David"]
[Result "1-0"]
[WhiteElo "1757"]
[BlackElo "1608"]
[PlyCount "51"]
[EventDate "2002.08.30"]

1. e4 e6 2. d4 d5 3. exd5 exd5 4. Bd3 Nc6 5. Ne2 Bd6 6. O-O Nge7 7. c3 Bf5 8.
Bxf5 Nxf5 9. Nf4 Nce7 10. Qg4 Qd7 11. Re1 O-O-O 12. Nd2 h5 13. Nxh5 Bxh2+ 14.
Kxh2 g6 15. Kg1 Rxh5 16. Qe2 Rdh8 17. f3 Qd6 18. Qe5 Rh1+ 19. Kf2 Qxe5 20. Rxe5
Rd1 21. Re1 Rh1 22. Rxh1 Rxh1 23. Nf1 Nh4 24. Bg5 Nef5 25. g3 Nxf3 26. Kxf3 1-0

[Event "Michigan Open Reserve"]
[Site "Lansing, MI"]
[Date "2002.09.01"]
[Round "1.41"]
[White "Laurin, Edward"]
[Black "Hershberger, Kent"]
[Result "1-0"]
[WhiteElo "1757"]
[BlackElo "1474"]
[Annotator "Don Vandivier"]
[PlyCount "47"]
[EventDate "2002.08.30"]

{Nimzo-Indian: Samisch} 1. d4 {Edward Laurin} Nf6 2. c4 e6 3. Nc3 Bb4 4. a3
Bxc3+ 5. bxc3 O-O 6. e3 (6. Bg5 {looks tempting, but it's actually a bad line
for White:} c5 $1 7. e3 cxd4 8. exd4 Qa5 9. Qc1 Ne4) 6... b6 ({This move is
considered by the opening books to be inferior to the immediate} 6... c5 {
However, you can't believe everything you read.}) 7. Bd3 Bb7 8. Nf3 ({This
just creates a weakeness for White.} 8. f3 {(Edward Laurin) preparing e4 is
best.}) 8... d6 $5 ({The "book" recommends} 8... Ne4 9. O-O f5 10. Ne1 c5 11.
f3 Nd6 {but then after several moves later White is better. All the more
reason not to play the immediate ...Ne4, and if anyone is interested, Fritz
also likes Hershberger's move of ...d6.}) 9. O-O Nbd7 10. Re1 h6 $6 ({There is
no reason to weaken the king-side, and Black has good play now after:} 10...
Ne4 11. Qc2 f5) 11. e4 c5 (11... e5 $1 {(Edward Laurin) is much stronger as it
opens lines for Black's king's rook.}) 12. Bd2 Rc8 13. d5 e5 $6 (13... Qe7 {
connecting the rooks and maintaining control of the f5 square was good.}) 14.
Nh4 Nxd5 15. Nf5 Ne7 16. Nxd6 Rb8 17. Nxb7 Rxb7 18. Re3 Nf6 19. Rg3 Rd7 $2 ({
A somewhat hasty move. After the simple} 19... Ng6 {Black has the better game.}
) 20. Bxh6 Ng6 21. Bg5 Rd6 22. Rh3 Nf4 23. Bxf4 exf4 24. e5 1-0

[Event "Michigan Open"]
[Site "Lansing, MI"]
[Date "2002.09.01"]
[Round "5.14"]
[White "LaForge, Tom"]
[Black "Nichols, Tony"]
[Result "0-1"]
[WhiteElo "1922"]
[BlackElo "1801"]
[PlyCount "80"]
[EventDate "2002.08.30"]

1. e4 c5 2. Nf3 d6 3. d4 cxd4 4. Nxd4 Nf6 5. Nc3 a6 6. g3 e5 7. Nde2 Be6 8. Bg2
Be7 9. h3 Nbd7 10. g4 h6 11. Ng3 g6 12. Be3 b5 13. a3 Rc8 14. Qd2 Nb6 15. b3
Qc7 16. Nge2 h5 17. g5 Nfd7 18. Rc1 O-O 19. O-O Rfe8 20. Na2 Nc5 21. Nec3 Qd7
22. Nd5 Nxd5 23. exd5 Bxh3 24. f3 Qf5 25. Nb4 Bxg2 26. Qxg2 Bd8 27. Nc6 Bb6 28.
c4 bxc4 29. Rxc4 Qd3 30. Qf2 Qxd5 31. Nb4 Qe6 32. Nxa6 Nd3 33. Qd2 Bxe3+ 34.
Qxe3 Rxc4 35. Qxd3 Rd4 36. Qb5 Rc8 37. Nb4 Qf5 38. f4 Qg4+ 39. Kh1 Rxf4 40.
Rxf4 Qxf4 0-1

[Event "Michigan Open Reserve"]
[Site "Lansing, MI"]
[Date "2002.09.01"]
[Round "5.26"]
[White "LaFerriere, Adam"]
[Black "Kieliszewski, Greg"]
[Result "0-1"]
[WhiteElo "1354"]
[BlackElo "1479"]
[PlyCount "68"]
[EventDate "2002.08.30"]

1. e4 c5 2. f4 e6 3. Nc3 Nc6 4. Bb5 a6 5. Bxc6 bxc6 6. Nf3 d5 7. exd5 cxd5 8.
O-O Nf6 9. Ne5 Bb7 10. d3 Bd6 11. Qf3 Qc7 12. Ng4 d4 13. Nxf6+ gxf6 14. Ne4 Ke7
15. Qe2 Rhg8 16. g3 Qc6 17. f5 Raf8 18. fxe6 fxe6 19. Bh6 Rf7 20. Rf3 Rg6 21.
Bd2 h5 22. Raf1 Be5 23. Ng5 Rfg7 24. Ne4 Qc7 25. Bf4 f5 26. Bxe5 Qxe5 27. Qf2
fxe4 28. Rf7+ Kd6 29. Rxg7 Rxg7 30. Qf8+ Kc7 31. Rf7+ Rxf7 32. Qxf7+ Kb6 33.
dxe4 Qxe4 34. Qf2 Qh1# 0-1

[Event "Michigan Open Reserve"]
[Site "Lansing, MI"]
[Date "2002.09.01"]
[Round "2.45"]
[White "LaFerriere, Adam"]
[Black "Aldrich, Justin"]
[Result "0-1"]
[WhiteElo "1354"]
[BlackElo "1610"]
[PlyCount "52"]
[EventDate "2002.08.30"]

1. b3 e5 2. Bb2 d6 3. g3 Nc6 4. Bg2 Bd7 5. e3 Nf6 6. Ne2 Be7 7. d4 exd4 8. exd4
O-O 9. d5 Ne5 10. c4 Bg4 11. Bxe5 dxe5 12. Nbc3 Bb4 13. O-O Bxc3 14. Rc1 Ba5
15. Qd3 c6 16. d6 Bxe2 17. Qxe2 Qxd6 18. Rfd1 Qe7 19. a3 Qxa3 20. Qxe5 Rfe8 21.
Qf5 Bc7 22. Rb1 Re5 23. Qf3 Rae8 24. Qc3 Bb6 25. Ra1 Qc5 26. Rf1 Re2 0-1

[Event "Michigan Open Reserve"]
[Site "Lansing, MI"]
[Date "2002.09.01"]
[Round "2.41"]
[White "Kuzeck, Kevin"]
[Black "Laurin, Edward"]
[Result "0-1"]
[WhiteElo "1439"]
[BlackElo "1757"]
[Annotator "Edward Laurin"]
[PlyCount "50"]
[EventDate "2002.08.30"]

1. e4 c5 2. Nc3 d6 3. f4 Nc6 4. g3 Nf6 5. Bg2 Bg4 6. Nf3 d5 7. exd5 Nxd5 8. O-O
Nxc3 9. dxc3 g6 10. Qe1 Bg7 (10... Qc8 {going to remove the bishop pair seems
necessary.}) 11. Be3 b6 12. Rd1 $2 ({White missed the tactical shot} 12. Ne5 $1
Nxe5 (12... Bxe5 13. Bxc6+ {drops a piece.}) 13. Bxa8 {drops the exchange})
12... Qc8 13. Qf2 O-O 14. Rd2 Bh3 15. Rfd1 Bxg2 16. Kxg2 Qe6 17. Kg1 (17. b3 {
holds the pawn and strengthens the queenside.}) 17... Qxa2 18. Qg2 Qe6 19. Ng5
({White missed the tactical idea that the e3 bishop comes off with check.} 19.
Re2 {gives White more play.}) 19... Qxe3+ 20. Kh1 Rad8 21. Ne4 Rxd2 22. Rxd2
Qe1+ 23. Qg1 Qxe4+ 24. Qg2 (24. Rg2 {saves the rook.}) 24... Qe1+ 25. Qg1 Qxd2
0-1

[Event "Michigan Open Reserve"]
[Site "Lansing, MI"]
[Date "2002.09.01"]
[Round "2.41"]
[White "Kuczek, Kevin"]
[Black "Laurin, Edward"]
[Result "0-1"]
[WhiteElo "1439"]
[BlackElo "1757"]
[Annotator "Don Vandivier"]
[PlyCount "50"]
[EventDate "2002.08.30"]

1. e4 c5 2. Nc3 d6 3. f4 Nc6 4. g3 Nf6 5. Bg2 Bg4 6. Nf3 d5 7. exd5 Nxd5 8. O-O
Nxc3 9. dxc3 g6 10. Qe1 Bg7 11. Be3 b6 12. Rd1 Qc8 13. Qf2 O-O 14. Rd2 Bh3 15.
Rfd1 Bxg2 16. Kxg2 Qe6 17. Kg1 $2 {There is no reason to drop a pawn.} Qxa2 18.
Qg2 Qe6 ({Black prefers to play it safe, but White has nothing after} 18...
Qxb2 19. Ng5 Rac8) 19. Ng5 $4 {Chess blindness?} Qxe3+ 20. Kh1 Rad8 21. Ne4
Rxd2 22. Rxd2 Qe1+ 23. Qg1 Qxe4+ 24. Qg2 Qe1+ 25. Qg1 Qxd2 0-1

[Event "Michigan Open Reserve"]
[Site "Lansing, MI"]
[Date "2002.09.01"]
[Round "4.25"]
[White "Kieliszewski, Greg"]
[Black "Guilfoyle, Jeff"]
[Result "1-0"]
[WhiteElo "1479"]
[BlackElo "1353"]
[PlyCount "77"]
[EventDate "2002.08.30"]

1. e4 c5 2. Nf3 d6 3. d4 cxd4 4. Nxd4 Nf6 5. Nc3 g6 6. Bc4 Bg7 7. Be3 O-O 8.
Qd2 Nc6 9. Nxc6 bxc6 10. Bh6 Ng4 11. Bxg7 Kxg7 12. O-O-O Ne5 13. Bb3 Rb8 14. f4
Nd7 15. Qd4+ Kg8 16. Qxa7 Qb6 17. Qxb6 Nxb6 18. h3 Bb7 19. a3 c5 20. Nd5 Nxd5
21. Bxd5 Bxd5 22. exd5 Rb6 23. Rd3 Rfb8 24. Rb3 Rxb3 25. cxb3 Rxb3 26. Kc2 Rb6
27. Re1 Kf8 28. Re3 Ke8 29. Rb3 Rxb3 30. Kxb3 Kd7 31. Kc4 Kc7 32. b4 cxb4 33.
Kxb4 Kb6 34. g3 h5 35. a4 f6 36. a5+ Ka6 37. Ka4 f5 38. Kb4 h4 39. gxh4 1-0

[Event "Michigan Open Reserve"]
[Site "Lansing, MI"]
[Date "2002.09.01"]
[Round "5.2"]
[White "Kauffman, Justin"]
[Black "Sundeen, David"]
[Result "1/2-1/2"]
[WhiteElo "1564"]
[BlackElo "1647"]
[PlyCount "54"]
[EventDate "2002.08.30"]

1. e4 e5 2. Nf3 Nf6 3. Nxe5 d6 4. Nf3 Nxe4 5. d4 d5 6. Bd3 Nc6 7. Nbd2 Nxd2 8.
Bxd2 Be7 9. c3 Bg4 10. O-O Qd7 11. Be2 O-O 12. Re1 a6 13. a4 Be6 14. Bd3 Bf6
15. Bf4 Rae8 16. Be5 Bxe5 17. Nxe5 Nxe5 18. Rxe5 f6 19. Re1 Bf5 20. Bxf5 Qxf5
21. Qd2 Qd7 22. b3 Rf7 23. Rxe8+ Qxe8 24. Re1 Re7 25. Kf1 Kf7 26. Rxe7+ Qxe7
27. Qe2 g6 1/2-1/2

[Event "Michigan Open Reserve"]
[Site "Lansing, MI"]
[Date "2002.09.01"]
[Round "4.1"]
[White "Kauffman, Justin"]
[Black "Gadson, Joseph"]
[Result "1-0"]
[WhiteElo "1564"]
[BlackElo "1768"]
[PlyCount "110"]
[EventDate "2002.08.30"]

1. e4 c5 2. Nf3 Nc6 3. d4 cxd4 4. Nxd4 Nf6 5. Nc3 e5 6. Ndb5 d6 7. Bg5 a6 8.
Na3 b5 9. Nd5 Be7 10. Nxe7 Qxe7 11. c3 h6 12. Bxf6 Qxf6 13. Be2 Qg6 14. Bf3 Bb7
15. O-O Ne7 16. Re1 O-O 17. Nc2 d5 18. exd5 Bxd5 19. Bxd5 Nxd5 20. Rxe5 Nf4 21.
Ne3 Rfd8 22. Qg4 Qxg4 23. Nxg4 Rd2 24. Re4 Rad8 25. Ne3 Ne2+ 26. Kf1 Rxb2 27.
Rd1 Rdd2 28. Ke1 Rxd1+ 29. Nxd1 Rxa2 30. Rxe2 Ra3 31. Kd2 a5 32. Kc2 a4 33.
Re8+ Kh7 34. Rb8 Ra2+ 35. Kd3 Ra1 36. Kc2 Ra2+ 37. Kb1 Rd2 38. Kc1 Rd5 39. Ne3
Rc5 40. Kb2 f5 41. f4 g5 42. g3 Kg6 43. Rb6+ Kh5 44. Rf6 Rc7 45. Rxf5 a3+ 46.
Kb3 a2 47. Nc2 b4 48. Kxa2 bxc3 49. fxg5 hxg5 50. Rf2 Kg4 51. Kb3 Kh3 52. Ne3
g4 53. Nd5 Rb7+ 54. Kc4 Rb4+ 55. Kxb4 c2 1-0

[Event "Michigan Open"]
[Site "Lansing, MI"]
[Date "2002.09.01"]
[Round "5.10"]
[White "Katsuhara, Osamu"]
[Black "Santiago, Reynaldo"]
[Result "1-0"]
[WhiteElo "1790"]
[BlackElo "2000"]
[Annotator "Osamu Katsuhara"]
[PlyCount "125"]
[EventDate "2002.08.30"]

{Sicilian: Najdorf} 1. e4 c5 2. Nf3 d6 3. d4 cxd4 4. Nxd4 Nf6 5. Nc3 a6 6. f3
$5 ({White scores 57% with this move. The idea is simple, White wants to avoid
the line of} 6. Be3 Ng4) 6... e5 7. Nb3 Be7 8. Be3 Be6 9. Qd2 b5 $6 {b5 is too
early here. a4! is a good response.} 10. a4 b4 (10... bxa4 11. Nxa4) 11. Nd5
Bxd5 12. exd5 O-O 13. a5 $6 ({The idea is to stop ...Nb6 and ...a5, right idea
but in wrong time. This is mistake because Black has ...Qc7! stopping Bc4. I
totally missed it during the game. Simply} 13. Bc4 {gives White an advantage.})
13... Nbd7 ({I was lucky that he missed} 13... Qc7) 14. Bc4 Qb8 15. O-O ({A
natural move, but gives up my advantage. I had the strong} 15. Ra4 $1 {Black
has no way to protect the b-pawn.}) 15... Rc8 16. Qd3 (16. Qe2 {was probably
better.}) 16... Qb7 17. Nd2 Nc5 {Something in my strategic plan totally went
wrong, I might be even worse now.} 18. Bxc5 Rxc5 19. Ne4 (19. Ne4 {This is a
pawn sacrifice.} Rxa5 20. Rxa5 Qb6+ 21. Kh1 Qxa5 22. Nxf6+ Bxf6 23. Qf5 -- {and
} 24. Bd3 {I have compensation for the pawn because of the attacking
possibilities against his king.}) 19... Nxe4 (19... Rxa5 20. Rxa5 Qb6+ 21. Kh1
Qxa5 22. Nxf6+ Bxf6 23. Qf5) 20. fxe4 Bd8 21. Kh1 Bxa5 22. Ra4 Qc7 23. b3 Bb6
24. Rxb4 {Opposite colored bishops and both sides of them are bad. Looks
drawish, but I decided to play on because of the attacking possibilities
against his king side.} a5 25. Ra4 Rf8 26. Qh3 Qe7 27. Bd3 Rc7 28. Raa1 Rc3 29.
Rf3 Qc7 30. Raf1 Bd4 31. Qh5 Qe7 32. Rh3 h6 33. Rg3 Kh7 34. Rh3 Rc7 35. Rff3
Rh8 36. Rf1 Kg8 37. Rhf3 g6 38. Qg4 Qg5 39. Qh3 Kg7 40. Rg3 Qd2 41. Qh4 g5 42.
Qh5 f6 43. Rgf3 Rf7 44. Rf5 Rc8 45. Qf3 Rcf8 46. Qh5 Bb6 47. R5f3 Bd8 48. R3f2
Qb4 49. Qg4 Qb7 {After my work on king-side, I have created light square
weaknesses. Now, queen and bishop to f5 and h5 will decide the game, but how?}
50. Be2 {Starting my plan with this move.} Bb6 51. Rf5 Qc8 52. Bd1 Be3 53. Qh3
Bf4 54. g3 Be3 55. Qg2 Rc7 56. Qf3 Rc3 57. Qh5 (57. Rxf6 {is out of question
because of} Bf4) 57... Qc5 58. Qh3 Qa7 59. Bh5 Qd4 $2 60. Qg4 $6 (60. Rxf6 $1
Qxe4+ 61. Bf3 Rxf6 62. Bxe4 $18) 60... Bf4 $2 61. R5xf4 $1 exf4 62. Qd7+ Kg8
63. Bg6 1-0